00454nam a22001697a 450000500170000001000150001702000260003203500140005803700130007208200100008510000280009524500540012326000480017727000390022530000170026471000030028120240403111016.0 aENG-140026 c495.00a9789354980253 aEN-123558 bDBAD/PUB a128.2 aStrattom,George Malcolm aDeveloping Mental Power/cGeorge Malcolm Strattom a DelhibFBS Publishers & Distributorsc2022 bDelhia918, Mukerjee Nagare110009 a99p:c22(hb)